Dinámica de grupos populares (Registro nro. 5385)

Detalles MARC
000 -CABECERA
campo de control de longitud fija 00520aam a2200193 4500
005 - FECHA Y HORA DE ACTUALIZACIÓN
campo de control 20170208084637.0
008 - LONGITUD FIJA
campo de control de longitud fija 150512b xxu||||| |||| 00| 0 spa d
041 ## - IDIOMA
Código de idioma del texto/pista de sonido o título separado
082 ## - CLASIFICACIÓN DECIMAL DEWEY
Número de clasificación 150.193.2 C352d
100 ## - AUTOR PERSONAL
Nombre de persona Castillo Pereira, William César
245 ## - TÍTULO PROPIAMENTE DICHO
Título Dinámica de grupos populares
260 ## - PIE DE IMPRENTA
Lugar de publicación, distribución, etc. Argentina
Nombre del editor, distribuidor, etc. Lumen
Fecha de publicación, distribución, etc. 1999
300 ## - DESCRIPCIÓN FÍSICA
Extensión 159 páginas
650 ## - Materia General
Materia general DINÁMICA DE GRUPOS
650 ## - Materia General
Materia general LIDERAZGO
650 ## - Materia General
Materia general COMUNIDAD
650 ## - Materia General
Materia general GRUPOS POPULARES
942 ## - Punto de Acceso Adicional Koha
Tipo de ítem Koha Libro
Existencias
Estado perdido Estado dañado No para préstamo Biblioteca permanente Biblioteca actual Signatura completa Código de barras Precio efectivo a partir del Tipo de ítem
      Departamento de Biblioteca y Documentación Alfonso Chase Brenes Departamento de Biblioteca y Documentación Alfonso Chase Brenes 150.193.2 C352d 14350 08/02/2017 Libro